00441cam a2200145Ia 4500020001500000040000800015082002600023245004500049260005700094300001900151490005000170650001600220650003600236700002300272 a1555427901 cVYF a379 JOS 1991 A066 Or.04aThe Changing dimensions of student aid / aSan Francisco :bJossey-Bass Inc., Publishers,c1991 a96 p. ;c23 cm1 aJossey-Bass Higher and adult education series 0aStudent aid 0aFederal aid to higher education1 aMerisotis, Jamie P